Za prácou do Českej republiky. K niektorým právnym normám pri vzniku dvoch štátov.
Právne predpisy upravujúce vzájomné zamestnávanie občanov Česka a Slovenska po rozdelení na základe Zmluvy medzi Českou a Slovenskou republikou o vzájomnom zamestnávaní občanov.
Gespeichert in:
| 1. Verfasser: | |
|---|---|
| Format: | Buchkapitel |
| Sprache: | Slowakisch |
| Schlagworte: | |
| Tags: |
Keine Tags, Fügen Sie das erste Tag hinzu!
|
MARC
| LEADER | 00000naa a2200000 4500 | ||
|---|---|---|---|
| 001 | r011377 | ||
| 005 | 20220826094339.4 | ||
| 041 | 0 | |a slo | |
| 044 | |a [CS] | ||
| 245 | 1 | 0 | |a Za prácou do Českej republiky. |b K niektorým právnym normám pri vzniku dvoch štátov. |c L. Jouza |
| 520 | |a Právne predpisy upravujúce vzájomné zamestnávanie občanov Česka a Slovenska po rozdelení na základe Zmluvy medzi Českou a Slovenskou republikou o vzájomnom zamestnávaní občanov. | ||
| 610 | 2 | 0 | |a Čechy |
| 610 | 2 | 0 | |a Slovensko |
| 610 | 2 | 0 | |a pracovníci zahraniční |
| 610 | 2 | 0 | |a predpisy právne |
| 610 | 2 | 0 | |a 1993 |
| 100 | 1 | |a Jouza, L. | |